000 00717nam a22002537a 4500
001 BR9511480
003 BR-BrBNA
005 20230928094854.0
007 ta
008 230509b bl.||||| |||| 00| 0 por d
040 _aBR-BrBNA
_bpor
_cBiblioteca Nacional de Agricultura
041 _a(Por)
072 _aF03
_b3575
090 _ 3575 BR9511480
100 1 _aCarvalho, G.J.
110 1 _aEmpresa de Assistencia Tecnica e Extensao Rural do Estado de Minas Gerais, Belo Horizonte (Brasil)
245 1 _aMaturacao de sementes
260 3 _aBelo Horizonte, MG (Brasil):
_c1979.
300 _a6 p.
650 _aSemente
650 _aPoder Germinativo
909 _a202309
_bLucia
_c55
_dLucia Elande
942 _cBK
999 _c53145
_d53145